An investigation of errors in free and guided written compositions by ESL learners /
محفوظ في:
| المؤلف الرئيسي: | |
|---|---|
| التنسيق: | أطروحة كتاب |
| اللغة: | English |
| منشور في: |
1986.
|
| الموضوعات: | |
| الوسوم: |
إضافة وسم
لا توجد وسوم, كن أول من يضع وسما على هذه التسجيلة!
|
| LEADER | 01574cam a2200373 4500 | ||
|---|---|---|---|
| 001 | u52293 | ||
| 003 | SIRSI | ||
| 008 | 871218s1986 my mt 00 1 eng m | ||
| 015 | |a X870081109 | ||
| 035 | |a AAF-6240 | ||
| 040 | |a UMM | ||
| 043 | |a a-my--- | ||
| 050 | 1 | |a PE3502.M4 | |
| 090 | |a PE3502 |b M4Fatdmd | ||
| 091 | |a Microfiche 10213 | ||
| 100 | 0 | 0 | |a Fatimah Dinna Mohd. Din. |
| 245 | 1 | 3 | |a An investigation of errors in free and guided written compositions by ESL learners / |c Fatimah Dinna bt. Mohd. Din. |
| 260 | |c 1986. | ||
| 300 | |a xiii, 300 leaves ; |c 28cm | ||
| 500 | |a PPZ. | ||
| 500 | |a Also available on microfiche. Kuala Lumpur : Perpustakaan Universiti Malaya, 1995. 4 microfiches ; negative, 11x15cm | ||
| 502 | |a Dissertation (M.Ed.) -- Fakulti Pendidikan, Universiti Malaya, 1987. | ||
| 504 | |a Bibliography: leaves 226-235. | ||
| 610 | 2 | 0 | |a Institut Teknologi MARA. |
| 650 | 0 | |a English language |x Study and teaching (Higher) |z Malaysia. | |
| 650 | 0 | |a English language |x Study and teaching (Higher) |x Foreign speakers. | |
| 650 | 0 | |a English language |x Errors of usage. | |
| 650 | 0 | |a Language and languages |x Study and teaching |x Error analysis. | |
| 710 | 2 | 0 | |a Universiti Malaya. |b Fakulti Pendidikan. |
| 948 | |a 16/03/1991 |b 23/06/2000 | ||
| 596 | |a 1 8 | ||
| 999 | |a PE3502 M4FATDMD |w LC |c 1 |i A010354495 |d 28/12/2007 |e 28/12/2007 |l STACKS |m P01UTAMA |n 21 |r Y |s Y |t TESIS |u 21/1/1992 | ||
| 999 | |a PE3502 M4FATDMD |w LC |c 1 |i A506699005 |l STACKS |m P08PENDIDI |r Y |s Y |t TESIS |u 25/10/1997 | ||
| 999 | |a PE3502 M4FATDMD |w LC |c 2 |i A506699050 |l STACKS |m P08PENDIDI |r Y |s Y |t TESIS |u 25/10/1997 | ||
